000 00508nam a2200181Ia 4500
005 20250508150549.0
008 008 250505s9999 xx 000 0 eng d
037 _aBooks to be hide in OPAC
040 _aFEDL
_beng
_cFEDL
041 _aeng
_2eng
084 _a746, THE/O
_qFEDL
100 _aThesiger Ernest
_9757041
245 0 _aAdventures in embroidery
260 _aLondon, UK
_bThe Studio Publications
_c1947
300 _a96p.
942 _cHB
_h746, THE/O
999 _c1324288
_d1324288